| 000 | 00458nam a2200157Ia 4500 | ||
|---|---|---|---|
| 008 | 210716s2010 xx 000 0 und d | ||
| 020 | _a9788184893656 | ||
| 041 | _aeng | ||
| 082 | _a005.131 BIRL | ||
| 100 | _aBirta, Louis G; Arbez, Gilbert. | ||
| 245 |
_aModelling and simulation: exploring dynamic system behaviour. _bExploring dynamic system behaviour. |
||
| 250 | _a1 | ||
| 260 |
_aNew Delhi _bSpringer _c2010 |
||
| 300 | _axvii,454 | ||
| 650 | _aNone | ||
| 999 |
_c190444 _d190444 |
||